Sala hispano-chileno, o ilustración del derecho español
Saved in:
| Main Authors: | , |
|---|---|
| Format: | Book |
| Language: | Spanish |
| Published: |
París
D. V. Salvá
1845
|
| Subjects: | |
| Tags: |
Add Tag
No Tags, Be the first to tag this record!
|
MARC
| LEADER | 00000nam a2200000 a 4500 | ||
|---|---|---|---|
| 001 | UCR0641 | ||
| 003 | CL-VaPUC | ||
| 008 | 971205e18450000FR |||||||||||||||||spa|d | ||
| 082 | 0 | 4 | |a 346.46 |b SAL |2 21 |
| 100 | 0 | |a Sala, Juan |e author |9 396598 | |
| 700 | 0 | |a Salvá, Vicente |e author |9 396599 | |
| 245 | 1 | 0 | |a Sala hispano-chileno, o ilustración del derecho español |
| 300 | |a v | ||
| 942 | |c BK | ||
| 945 | |d 19971205 00:00:00 |a cmena | ||
| 260 | |a París |b D. V. Salvá |c 1845 | ||
| 650 | 0 | |a Derecho español |9 255291 | |
| 650 | 7 | |a DERECHO CHILENO |2 CL-VaPUC |9 396600 | |
| 650 | 0 | |a Derecho comparado |9 255664 | |
| 650 | 0 | |a Derecho civil |9 255013 | |
| 650 | 0 | |a Código civil |9 256135 | |
| 650 | 0 | |a Jurisprudencia |9 255952 | |
| 650 | 0 | |a Obligaciones |9 255578 | |
| 650 | 0 | |a Contratos |9 255153 | |
| 650 | 0 | |a Acción procesal |9 384844 | |
| 650 | 0 | |a Tribunales |9 254872 | |
| 651 | 0 | |a España |9 254926 | |
| 651 | 7 | |a CHILE |2 CL-VaPUC |9 396602 | |
| 583 | |a last modification |c 19971205 00:00:00 |k Rodrigo Vera | ||
| 999 | |c 264140 |d 264138 | ||
| 952 | |0 0 |1 0 |4 0 |6 346_460000000000000_SAL_1845 |7 0 |8 DER_HDC |9 293921 |a BIBDER |b BIBDER |d 2019-11-19 |h v.1 |i 1921568 |o 346.46 SAL 1845 |p 1921568 |r 2023-01-25 |w 2019-11-19 |x Ubicación 4to Piso |y BK_X |z Estos recursos deben solicitarse con anticipación |k DER | ||
| 952 | |0 0 |1 0 |4 0 |6 346_460000000000000_SAL_1845 |7 0 |8 DER_HDC |9 293922 |a BIBDER |b BIBDER |d 2019-11-19 |h v.2 |i 1921193 |o 346.46 SAL 1845 |p 1921193 |r 2023-01-25 |w 2019-11-19 |x Ubicación 4to Piso |y BK_X |z Estos recursos deben solicitarse con anticipación |k DER | ||
| 952 | |0 0 |1 0 |4 0 |6 346_460000000000000_SAL_1845 |7 0 |8 X |9 293923 |a BIBDER |b BIBDER |d 2019-11-19 |h v.2 |i 1951254 |o 346.46 SAL 1845 |p 1951254 |r 2023-01-25 |w 2019-11-19 |y BK_X |k DER | ||
| 952 | |0 0 |1 0 |4 0 |6 346_460000000000000_SAL_1845 |7 0 |8 X |9 293924 |a BIBDER |b BIBDER |d 2019-11-19 |h v.2 |i 1951203 |o 346.46 SAL 1845 |p 1951203 |r 2023-01-25 |w 2019-11-19 |y BK_X |k DER | ||
| 952 | |0 0 |1 0 |4 0 |6 346_460000000000000_SAL_1845 |7 0 |8 DER_HDC |9 293925 |a BIBDER |b BIBDER |d 2019-11-19 |h v.2 |i 1954245 |o 346.46 SAL 1845 |p 1954245 |r 2023-01-25 |w 2019-11-19 |x Ubicación 4to Piso |y BK_X |z Estos recursos deben solicitarse con anticipación |k DER | ||
| 952 | |0 0 |1 0 |4 0 |6 346_460000000000000_SAL_1845 |7 0 |8 DER_HDC |9 293926 |a BIBDER |b BIBDER |d 2019-11-19 |h v.1 |i 1954393 |o 346.46 SAL 1845 |p 1954393 |r 2023-01-25 |w 2019-11-19 |x Ubicación 4to Piso |y BK_X |z Estos recursos deben solicitarse con anticipación |k DER | ||
| 952 | |0 0 |1 0 |4 0 |6 346_460000000000000_SAL_1845 |7 0 |8 DER_HDC |9 293927 |a BIBDER |b BIBDER |d 2019-11-19 |h v.1 |i 2040492 |o 346.46 SAL 1845 |p 2040492 |r 2023-01-25 |w 2019-11-19 |x Ubicación 4to Piso |y BK_X |z Estos recursos deben solicitarse con anticipación |k DER | ||
| 952 | |0 0 |1 0 |4 0 |6 346_460000000000000_SAL_1845 |7 0 |8 DER_HIS |9 293928 |a BIBDER |b BIBDER |d 2019-11-19 |h v.1 |i 2040522 |o 346.46 SAL 1845 |p 2040522 |r 2023-01-25 |w 2019-11-19 |x Ubicación 4to Piso |y BK_X |z Estos recursos deben solicitarse con anticipación |k DER | ||
| 952 | |0 0 |1 0 |4 0 |6 346_460000000000000_SAL_1845 |7 0 |8 DER_HDC |9 293929 |a BIBDER |b BIBDER |d 2019-11-19 |h v.1 |i 2040530 |o 346.46 SAL 1845 |p 2040530 |r 2023-01-25 |w 2019-11-19 |x Ubicación 4to Piso |y BK_X |z Estos recursos deben solicitarse con anticipación |k DER | ||
| 952 | |0 0 |1 0 |4 0 |6 346_460000000000000_SAL_1845 |7 0 |8 DER_HDC |9 293930 |a BIBDER |b BIBDER |d 2019-11-19 |h v.2 |i 2040549 |o 346.46 SAL 1845 |p 2040549 |r 2023-01-25 |w 2019-11-19 |x Ubicación 4to Piso |y BK_X |z Estos recursos deben solicitarse con anticipación |k DER | ||
| 952 | |0 0 |1 0 |4 0 |6 346_460000000000000_SAL_1845 |7 0 |8 DER_HIS |9 293931 |a BIBDER |b BIBDER |d 2019-11-19 |h v.2 |i 2040557 |o 346.46 SAL 1845 |p 2040557 |r 2023-01-25 |w 2019-11-19 |x Ubicación 4to Piso |y BK_X |z Estos recursos deben solicitarse con anticipación |k DER | ||
| 952 | |0 0 |1 0 |4 0 |6 346_460000000000000_SAL_1845 |7 0 |8 DER_HDC |9 293932 |a BIBDER |b BIBDER |d 2019-11-19 |h v.2 |i 2040565 |o 346.46 SAL 1845 |p 2040565 |r 2023-01-25 |w 2019-11-19 |x Ubicación 4to Piso |y BK_X |z Estos recursos deben solicitarse con anticipación |k DER | ||